| 000 | 00772nam a2200277Ia 4500 | ||
|---|---|---|---|
| 005 | 20260429111855.0 | ||
| 008 | 260429s9999||||xx |||||||||||||| ||und|| | ||
| 020 | _a9781555813024 | ||
| 041 | _aEnglish | ||
| 082 |
_a571.936 _bCOS |
||
| 100 | _aCossart, Pascale | ||
| 245 | 0 |
_aCellular microbiology / _cPascale Cossart |
|
| 250 | _a2nd ed. | ||
| 260 |
_aWashington : _bAmerican Society for Microbiology Press, _c2005. |
||
| 300 | _axxx, 593 p.; hb | ||
| 650 | _a Bacteriology | ||
| 650 | _a Cell biology | ||
| 650 | _a Host-pathogen interaction | ||
| 650 | _a Infectious diseases | ||
| 650 | _a Microbiology | ||
| 650 | _aCellular microbiology | ||
| 700 | _a Boquet, Patrice | ||
| 700 | _a Normark, Staffan | ||
| 700 | _a Rappuoli, Rino | ||
| 942 | _cTB | ||
| 999 |
_c51230 _d51230 |
||